<?xml version="1.0" encoding="UTF-8"?>
<record
    xmlns:xsi="http://www.w3.org/2001/XMLSchema-instance"
    xsi:schemaLocation="http://www.loc.gov/MARC21/slim http://www.loc.gov/standards/marcxml/schema/MARC21slim.xsd"
    xmlns="http://www.loc.gov/MARC21/slim">

  <leader>00394nam a22001697a 4500</leader>
  <controlfield tag="005">20180425110805.0</controlfield>
  <controlfield tag="008">160601b        xxu||||| |||| 00| 0 eng d</controlfield>
  <datafield tag="020" ind1=" " ind2=" ">
    <subfield code="a">81-7446-346-2</subfield>
  </datafield>
  <datafield tag="041" ind1=" " ind2=" ">
    <subfield code="a">eng</subfield>
  </datafield>
  <datafield tag="082" ind1=" " ind2=" ">
    <subfield code="b">6688</subfield>
    <subfield code="a">363.7</subfield>
  </datafield>
  <datafield tag="100" ind1=" " ind2=" ">
    <subfield code="a">Uberoi, N.K.</subfield>
    <subfield code="9">4282</subfield>
  </datafield>
  <datafield tag="245" ind1=" " ind2=" ">
    <subfield code="a">Environmental Management</subfield>
  </datafield>
  <datafield tag="260" ind1=" " ind2=" ">
    <subfield code="b">Excel Books</subfield>
    <subfield code="c">2010</subfield>
  </datafield>
  <datafield tag="300" ind1=" " ind2=" ">
    <subfield code="a">397</subfield>
  </datafield>
  <datafield tag="650" ind1=" " ind2=" ">
    <subfield code="a">Management</subfield>
    <subfield code="9">241</subfield>
  </datafield>
  <datafield tag="942" ind1=" " ind2=" ">
    <subfield code="c">BK</subfield>
  </datafield>
  <datafield tag="999" ind1=" " ind2=" ">
    <subfield code="c">2328</subfield>
    <subfield code="d">2327</subfield>
  </datafield>
  <datafield tag="952" ind1=" " ind2=" ">
    <subfield code="0">0</subfield>
    <subfield code="1">0</subfield>
    <subfield code="4">0</subfield>
    <subfield code="7">0</subfield>
    <subfield code="8">MANAGEMENT</subfield>
    <subfield code="a">JRU</subfield>
    <subfield code="b">JRU</subfield>
    <subfield code="c">SHELF-61-G</subfield>
    <subfield code="d">2016-06-01</subfield>
    <subfield code="g">260.00</subfield>
    <subfield code="l">1</subfield>
    <subfield code="o">363.7</subfield>
    <subfield code="p">6688</subfield>
    <subfield code="r">2026-05-05 10:50:57</subfield>
    <subfield code="s">2026-01-07</subfield>
    <subfield code="w">2016-06-01</subfield>
    <subfield code="y">BK</subfield>
  </datafield>
  <datafield tag="952" ind1=" " ind2=" ">
    <subfield code="0">0</subfield>
    <subfield code="1">0</subfield>
    <subfield code="4">0</subfield>
    <subfield code="7">0</subfield>
    <subfield code="8">MANAGEMENT</subfield>
    <subfield code="a">JRU</subfield>
    <subfield code="b">JRU</subfield>
    <subfield code="c">SHELF-71-C</subfield>
    <subfield code="d">2016-06-01</subfield>
    <subfield code="g">260.00</subfield>
    <subfield code="l">0</subfield>
    <subfield code="o">363.7</subfield>
    <subfield code="p">6689</subfield>
    <subfield code="r">2016-06-01 00:00:00</subfield>
    <subfield code="w">2016-06-01</subfield>
    <subfield code="y">BK</subfield>
  </datafield>
  <datafield tag="952" ind1=" " ind2=" ">
    <subfield code="0">0</subfield>
    <subfield code="1">0</subfield>
    <subfield code="4">0</subfield>
    <subfield code="7">0</subfield>
    <subfield code="8">MANAGEMENT</subfield>
    <subfield code="a">JRU</subfield>
    <subfield code="b">JRU</subfield>
    <subfield code="c">SHELF-61-G</subfield>
    <subfield code="d">2016-06-01</subfield>
    <subfield code="g">260.00</subfield>
    <subfield code="l">2</subfield>
    <subfield code="o">363.7</subfield>
    <subfield code="p">6690</subfield>
    <subfield code="r">2025-11-21 12:42:13</subfield>
    <subfield code="s">2025-11-12</subfield>
    <subfield code="w">2016-06-01</subfield>
    <subfield code="y">BK</subfield>
  </datafield>
</record>
